=LDR 00000nam 2200000 4500 =001 INLIS000000000009679 =005 20200309082556 =035 ##$$a 0010-061300000009679 =008 200309################g##########0#ind## =041 ##$$a Ind =082 ##$$a 172 =090 ##$$a 172, Wij e =100 ##$$a Wijaya, A.W =245 1#$$a Etika Pemerintahan /$c A. w widjaja =260 ##$$a Jakarta :$b Bumi aksara,$c 1991 =300 ##$$a 119 hlm : $b Ilus ; $c 14,5 x 20 Cm =650 #4$$a Etika Politik =850 ##$$a NBPNMAT =020 ##$$a 979-526-050-2 =084 ##$$a 172 WIJ e =250 ##$$a Cet. 1 =504 ##$$a Bibliografi : hlm. 113 - 116 =990 ##$$a DW00025828 =990 ##$$a DW00025829